LEADER 01116nam a2200265 i 4500 001 000000245872 003 CaOOAMICUS 005 20151019000000.0 008 151019s2003 it u000 u ita u 013 $a224777 040 $aSeMil$bita 100 1 $aVettese, Angela.$0(OLS)http://semarc/name/82609 245 10$aLucio Fontana :$bi tagli /$cAngela Vettese. 260 $aMilano :$bIl Sole 24 ORE,$c2003. 260 $aCinisello Balsamo :$bSilvana Editoriale,$c2003. 300 $a63 p. :$bill. ;$c18 cm. 490 0 $aPiccola biblioteca del Sole 24 Ore ;$v12 600 14$aFontana, Lucio <1899-1968>.$0(OLS)http://semarc/subject/26229 830 0$aPiccola biblioteca del Sole 24 Ore ;$v12.$0(OLS)http://semarc/title/44263 850 $aSeMil 852 $aSeMil$W1$xVenegono$y1$m5R I 177$j196218$B196218$CSeMilBibl$Z2$F207551 $81 961 $aOmaggio: Altro 996 $6245$aLucio Fontana :$bi tagli$9(OLS)http://semarc/title/347548 996 $6260$aCinisello Balsamo :$bSilvana Editoriale$9(OLS)http://semarc/publisher/34608 996 $6260$aMilano :$bIl Sole 24 ORE$9(OLS)http://semarc/publisher/32564 LEADER 00945nam a2200193 i 4500 001 000000242870 003 CaOOAMICUS 005 20191209123516.0 008 150617s1874 it u000 u ita u 013 $a221775 040 $aSeMil$bita 245 10$aDei comandamenti. 300 $a679 p. 700 1 $aDeharbe, Joseph .$0(OLS)http://semarc/name/10281 773 0 $aDeharbe, Joseph $tSpiegazione intima e piana del catechismo cattolico e raccolta di analoghi esempi, ossia Manuale per la istruzione catechistica nella scuola e nella chiesa e libro di lettura per le famiglie cristiane.$b1. versione italiana sulla 4. ed. tedesca Paderborn 1872 / per Eugenio Pucci.$dRoma : Alcide Parenti, 1873-1876.$g2$w()32059 850 $aSeMil 852 $aSeMil$W1$xVenegono$y1$m3F IV 109 FA$j193216$B193216$CSeMilBibl$Z2$F204026 $8I 996 $6245$aDei comandamenti$9(OLS)http://semarc/title/344668